000 00687nam a2200253Ia 4500
003 OSt
005 20221007100702.0
006 a|||||r|||| 00| 0
007 ta
008 221006b |||||||| |||| 00| 0 eng d
024 _a4,898
037 _cTextual
040 _aLCO
_cLCO
_beng
041 _2eng
_aeng
082 _aX5:5:(Z8qN74), M4
100 _aMiller Russell V.
_9701974
245 0 _aAnnotated Trade Practices Act
250 _a5th
260 _aSydney
_bThe Law Book Company Limited Australia
_c1984
300 _a432
650 _aTRADE PRACTICE
_9701975
942 _hX5:5:(Z8qN74), M4
_cTEXL
999 _c1174461
_d1174461